书目信息 |
| 题名: |
Protel 99SE多层电路板设计与制作
|
|
| 作者: | 程路 , 郑毅 , 向先波 编著 | |
| 分册: | ||
| 出版信息: | 北京 人民邮电出版社 2007 |
|
| 页数: | 272页 | |
| 开本: | 26cm | |
| 丛书名: | ||
| 单 册: | ||
| 中图分类: | TN410.2 | |
| 科图分类: | ||
| 主题词: | 印刷电路--计算机辅助设计 | |
| 电子资源: | ||
| ISBN: | 978-7-115-15781-2 | |
| 000 | 01145nam0 2200313 450 | |
| 001 | 012004117299 | |
| 005 | 20080229101807.78 | |
| 009 | 012004117299 | |
| 010 | @a978-7-115-15781-2@dCNY35.00 | |
| 035 | @a(110120)012007002551 | |
| 100 | @a20070315d2007 em y0chiy0110 ea | |
| 101 | 0 | @achi |
| 102 | @aCN@b110000 | |
| 105 | @ay z 000yy | |
| 106 | @ar | |
| 200 | 1 | @aProtel 99SE多层电路板设计与制作@AProtel 99SE duo ceng dian lu ban she ji yu zhi zuo@f程路,郑毅,向先波编著 |
| 210 | @a北京@c人民邮电出版社@d2007 | |
| 215 | @a272页@d26cm@e1光盘 | |
| 307 | @a附光盘:ISBN 978-7-89488-443-5 | |
| 330 | @a本书从初学者学习和认知电路板设计的特点出发,首先介绍电路板设计的基础知识,然后通过精心选择的实例介绍原理图设计与PCB电路板设计的基本流程,并在电路板设计过程中介绍一些实用的设计技巧,读者能够在较短的时间内掌握设计电路板的基本方法。 | |
| 606 | 0 | @a印刷电路@x计算机辅助设计 |
| 610 | 0 | @aProtel |
| 690 | @aTN410.2@v4 | |
| 701 | 0 | @a程路@Acheng lu@4编著 |
| 701 | 0 | @a郑毅@Azheng yi@4编著 |
| 701 | 0 | @a向先波@Axiang xian bo@4编著 |
| 801 | 0 | @aCN@b110120@c20080229 |
| 801 | 2 | @aCN@b110120@c20070316 |
| 905 | @dTN410.2@e121@f4 | |
| Protel 99SE多层电路板设计与制作/程路,郑毅,向先波编著.-北京:人民邮电出版社,2007 |
| 272页;26cm+1光盘 |
| ISBN 978-7-115-15781-2:CNY35.00 |
| 本书从初学者学习和认知电路板设计的特点出发,首先介绍电路板设计的基础知识,然后通过精心选择的实例介绍原理图设计与PCB电路板设计的基本流程,并在电路板设计过程中介绍一些实用的设计技巧,读者能够在较短的时间内掌握设计电路板的基本方法。 |
| ● |
| 相关链接 |
|
|
|
|
正题名:Protel 99SE多层电路板设计与制作
索取号:TN410.2/121
 
预约/预借
| 序号 | 登录号 | 条形码 | 馆藏地/架位号 | 状态 | 备注 |
| 1 | 0793164 | 207931648 | 第二样本阅览室/ [索取号:TN410.2/121] | 在馆 | |
| 2 | 0793165 | 207931657 | 第三借阅区/ [索取号:TN410.2/121] | 在馆 | |
| 3 | 0793166 | 207931666 | 第三借阅区/ [索取号:TN410.2/121] | 在馆 | |
| 4 | 0793167 | 207931675 | 第三借阅区/ [索取号:TN410.2/121] | 在馆 | |
| 5 | 6104987 | 261049877 | 密集书库—计算机科学学院/ [索取号:TN410.2/121] | 在馆 |
本书有关联资源:
1 .光盘 /ISO :Protel 99SE多层电路板设计与制作 /程路,郑毅,向先波编著
下载